Southville International School and Colleges
Your cart is empty.
  • Cart
  • Lists
    Public lists Eva Luna New books Lux_list list_1
    Your lists Log in to create your own lists
  • Log in to your account
  • Your cookies
  • Search history
Southville International School and Colleges
  • Advanced search
  • Recent comments
  • Most popular
  • Libraries

Log in to your account

Log in with GOOGLE


If you do not have an external account, but do have a local account, you can still log in:

  1. Home
  2. MARC view: The Island /
Normal view MARC view ISBD view

The Island / (Record no. 10651)

[ view plain ]
MARC details
000 -LEADER
fixed length control field 00525nam a22001937a 4500
003 - CONTROL NUMBER IDENTIFIER
control field SISC
005 - DATE AND TIME OF LATEST TRANSACTION
control field 20160302132031.0
008 - FIXED-LENGTH DATA ELEMENTS--GENERAL INFORMATION
fixed length control field 130909t xxu||||| |||| 00| 0 eng d
020 ## - INTERNATIONAL STANDARD BOOK NUMBER
International Standard Book Number 9718551190
050 ## - LIBRARY OF CONGRESS CALL NUMBER
Classification number PR 9550
Item number .Is82 1996
082 ## - DEWEY DECIMAL CLASSIFICATION NUMBER
Classification number HS 808.83
Item number Z71 1996 c.1
100 ## - MAIN ENTRY--PERSONAL NAME
Personal name Dalisay, Jose
9 (RLIN) 16297
245 ## - TITLE STATEMENT
Title The Island /
Statement of responsibility, etc Jose Dalisay.
260 ## - PUBLICATION, DISTRIBUTION, ETC. (IMPRINT)
Place of publication, distribution, etc Metro Manila :
Name of publisher, distributor, etc Foundation, Inc,
Date of publication, distribution, etc c1996.
300 ## - PHYSICAL DESCRIPTION
Other physical details col. ill. ;
Dimensions 29 cm.
650 ## - SUBJECT ADDED ENTRY--TOPICAL TERM
Topical term or geographic name as entry element Island
General subdivision Journey.
9 (RLIN) 17169
942 ## - ADDED ENTRY ELEMENTS (KOHA)
Source of classification or shelving scheme Library of Congress Classification
Koha item type Books
Holdings
Withdrawn status Lost status Source of classification or shelving scheme Damaged status Home library Current library Shelving location Date acquired Total Checkouts Full call number Barcode Date last seen Copy number Price effective from Koha item type
    Library of Congress Classification   Luxembourg Library Luxembourg Library High School Section 09/09/2013   PR 9550 .Is82 1996 6647 09/09/2013 1 09/09/2013 Books

The Island /

APA

Dalisay J., . (1996). The Island. Metro Manila: Foundation, Inc.

Chicago

Dalisay Jose, . 1996. The Island. Metro Manila: Foundation, Inc.

Harvard

Dalisay J., . (1996). The Island. Metro Manila: Foundation, Inc.

MLA

Dalisay Jose, . The Island. Metro Manila: Foundation, Inc. 1996.

  • Place hold
  • Print
  • Cite
  • Add to your cart (remove)
  • Save record
    BIBTEX Dublin Core MARCXML MARC (non-Unicode/MARC-8) MARC (Unicode/UTF-8) MARC (Unicode/UTF-8, Standard) MODS (XML) RIS
  • More searches
    Search for this title in:
    Other Libraries (WorldCat) Other Databases (Google Scholar) Online Stores (Bookfinder.com) Open Library (openlibrary.org)

Exporting to Dublin Core...

SOUTHVILLE LIBRARY

Southville International School and Colleges Library

1281 Tropical Ave. Cor. Luxembourg St., BF Homes International, Las Pinas City

Tel. No. 8256374 / 252358 Loc. 117/146

Powered by Koha